| 000 | 00795cab a2200253 4500 | ||
|---|---|---|---|
| 001 | ABS59455 | ||
| 008 | 090401t1998 xxu||||| |||| 00| 0 eng d | ||
| 035 | _a(Sirsi) u89029 | ||
| 041 | _aeng | ||
| 100 | _aReeds, J. | ||
| 245 | _aMoney in muck | ||
| 260 | _c1998 | ||
| 350 | _a0 | ||
| 490 |
_aSurveyor _v185(5501) 17 September 1998, 14-16(3) |
||
| 520 | _aInvestigates how environmental trusts set up under the landfill tax have proved a success, but finds that some of the original intentions have been lost and that legal loopholes are being exposed. | ||
| 650 | _aENVIRONMENTAL TRUSTS | ||
| 650 | _aLANDFILL TAX | ||
| 650 | _aLOOPHOLES | ||
| 650 | _aREMEDIATION | ||
| 650 | _aTAX RELIEF | ||
| 690 | _aENVIRONMENTAL AND LAND CONSULTANCY | ||
| 942 | _n0 | ||
| 948 | _c15/10/1998 | ||
| 999 |
_c56306 _d56306 |
||